[Event "POL-chT3 1112"]
[Site "Poland"]
[Date "2012.04.01"]
[Round "10.14"]
[White "Karpus, Michal"]
[Black "Sobich, Kazimierz"]
[Result "1/2-1/2"]
[WhiteElo "1582"]
[BlackElo "1941"]
[PlyCount "69"]
[EventDate "2011.11.06"]
[EventType "team-tourn"]
[EventRounds "11"]
[EventCountry "POL"]
[SourceTitle "EXT 2015"]
[Source "ChessBase"]
[SourceDate "2014.11.20"]
[SourceVersion "1"]
[SourceVersionDate "2014.11.20"]
[SourceQuality "1"]
[WhiteTeam "Grudziadz Rotmistrz III"]
[BlackTeam "Inowroclaw OSIR Pozkal"]
[WhiteTeamCountry "POL"]
[BlackTeamCountry "POL"]

1. e4 e5 2. Nf3 Nc6 3. Bb5 Nd4 4. Nxd4 exd4 5. 0-0 c6 6. Bc4 Nf6 7. d3 d5 8. Bb3 Be7 9. Qe2 dxe4 10. dxe4 0-0 11. Rd1 Qb6 12. e5 Bg4 13. Qf1 Ne4 14. Re1 Nc5 15. Nd2 Nxb3 16. axb3 Bf5 17. Nc4 Qc7 18. c3 Rfd8 19. f4 c5 20. Qe2 dxc3 21. bxc3 Bd3 22. Qf2 b5 23. Ne3 a5 24. Qf3 c4 25. bxc4 bxc4 26. Kh1 Bc5 27. Ng4 Bf5 28. Ne3 Bd3 29. Ng4 Rab8 30. f5 h5 31. Nf2 g6 32. fxg6 Bxg6 33. Ne4 Rd3 34. Nf6+ Kf8 35. Qf4 1/2-1/2

[Event "POL-chT3 Kujawsko Pomorskie 1011"]
[Site "Poland"]
[Date "2011.03.13"]
[Round "8.14"]
[White "Sobich, Kazimierz"]
[Black "Lewandowski, Krzysztof"]
[Result "0-1"]
[WhiteElo "1912"]
[BlackElo "2141"]
[PlyCount "80"]
[EventDate "2010.11.07"]
[EventType "team-tourn"]
[EventRounds "11"]
[EventCountry "POL"]
[SourceTitle "EXT 2019"]
[Source "ChessBase"]
[SourceDate "2018.10.10"]
[SourceVersion "1"]
[SourceVersionDate "2018.10.10"]
[SourceQuality "1"]

1. d4 Nf6 2. d5 e6 3. c4 exd5 4. cxd5 Bb4+ 5. Nc3 c6 6. dxc6 bxc6 7. Bd2 d5 8. e3 0-0 9. Nf3 c5 10. Ne2 Bxd2+ 11. Qxd2 Ne4 12. Qc1 d4 13. exd4 Re8 14. b4 Nc6 15. a3 Nxd4 16. Nexd4 cxd4 17. Bb5 Ng3+ 18. Kd2 Nxh1 19. Bxe8 Qxe8 20. Qxh1 Ba6 21. Qe1 Qb5 22. Qe4 Re8 23. Nxd4 Rxe4 24. Nxb5 Bxb5 25. Kc3 Re2 26. a4 Bd7 27. Rd1 Bxa4 28. Ra1 Be8 29. Rxa7 Kf8 30. Rb7 Rxf2 31. b5 Rxg2 32. b6 Rxh2 33. Rb8 Rh1 34. Kc2 Rh5 35. Kc3 Rb5 36. Kc4 Rb1 37. Kc5 h5 38. Kd6 h4 39. Kc7 h3 40. b7 h2 0-1

[Event "POL-chT3 Kujawsko Pomorskie 1011"]
[Site "Poland"]
[Date "2011.02.27"]
[Round "7.26"]
[White "Kulczyk, Pawel"]
[Black "Sobich, Kazimierz"]
[Result "0-1"]
[WhiteElo "2088"]
[BlackElo "1912"]
[PlyCount "68"]
[EventDate "2010.11.07"]
[EventType "team-tourn"]
[EventRounds "11"]
[EventCountry "POL"]
[SourceTitle "EXT 2019"]
[Source "ChessBase"]
[SourceDate "2018.10.10"]
[SourceVersion "1"]
[SourceVersionDate "2018.10.10"]
[SourceQuality "1"]

1. d4 c5 2. d5 Nf6 3. g3 e5 4. dxe6 fxe6 5. Bg2 Be7 6. e4 Nc6 7. Ne2 0-0 8. c4 Rb8 9. 0-0 b5 10. cxb5 Rxb5 11. Nbc3 Rb8 12. f4 Ba6 13. e5 Ne8 14. Re1 Qc7 15. Qa4 Rb6 16. Rd1 d5 17. exd6 Nxd6 18. Be3 Nc4 19. Bc1 Nd4 20. Kh1 Bf6 21. Ng1 Qc8 22. Re1 Rd8 23. Ne4 Be7 24. Rb1 Rb4 25. Qd1 Bb7 26. Qh5 Nc2 27. Re2 Nd4 28. Rf2 Na3 29. Ra1 Nac2 30. Rb1 Qa8 31. Ng5 Bxg5 32. Qxg5 Bxg2+ 33. Rxg2 Ne1 34. Nf3 Ndxf3 0-1

[Event "POL-chT3 Kujawsko Pomorskie 1011"]
[Site "Poland"]
[Date "2011.01.09"]
[Round "4.2"]
[White "Wisniewski, Przemyslaw"]
[Black "Sobich, Kazimierz"]
[Result "1/2-1/2"]
[WhiteElo "2061"]
[BlackElo "1912"]
[PlyCount "63"]
[EventDate "2010.11.07"]
[EventType "team-tourn"]
[EventRounds "11"]
[EventCountry "POL"]
[SourceTitle "EXT 2019"]
[Source "ChessBase"]
[SourceDate "2018.10.10"]
[SourceVersion "1"]
[SourceVersionDate "2018.10.10"]
[SourceQuality "1"]

1. Nf3 b6 2. e4 Bb7 3. Nc3 e6 4. d3 Be7 5. Bf4 Nf6 6. Qd2 a6 7. Be2 0-0 8. e5 Nd5 9. Nxd5 Bxd5 10. c4 Bb7 11. 0-0 d5 12. Rfd1 c5 13. Bg5 Nc6 14. Qf4 Nd4 15. Kf1 Nxf3 16. Bxe7 Nxh2+ 17. Qxh2 Qxe7 18. Qg3 Rfd8 19. b3 Rd7 20. Rab1 Rad8 21. Rb2 b5 22. Rdb1 dxc4 23. bxc4 bxc4 24. dxc4 Be4 25. Rc1 Rd4 26. Rb6 a5 27. f3 Bd3 28. Bxd3 Rxd3 29. Rcb1 Rd1+ 30. Rxd1 Rxd1+ 31. Ke2 Rd8 32. Qf4 1/2-1/2

[Event "POL-chT3 Kujawsko Pomorskie 0809"]
[Site "Poland"]
[Date "2009.03.15"]
[Round "10.16"]
[White "Sobich, Kazimierz"]
[Black "Weglarz, Joanna"]
[Result "1/2-1/2"]
[WhiteElo "1815"]
[BlackElo "2027"]
[PlyCount "98"]
[EventDate "2008.11.09"]
[EventType "team-tourn"]
[EventRounds "11"]
[EventCountry "POL"]
[SourceTitle "EXT 2019"]
[Source "ChessBase"]
[SourceDate "2018.10.10"]
[SourceVersion "1"]
[SourceVersionDate "2018.10.10"]
[SourceQuality "1"]

1. d4 d5 2. Nf3 e6 3. Nbd2 Nf6 4. e3 c5 5. c4 a6 6. cxd5 Nxd5 7. dxc5 Bxc5 8. Nb3 Be7 9. Nbd4 0-0 10. Bd3 b5 11. 0-0 Bb7 12. Qe2 Nb4 13. Bb1 N8c6 14. Nxc6 Nxc6 15. Qc2 g6 16. Qe2 Bf6 17. Be4 Qd7 18. Rb1 Rac8 19. Bd2 Rfd8 20. Rfc1 b4 21. Rc2 Ne5 22. Rxc8 Rxc8 23. Bxb7 Qxb7 24. Nd4 Nc4 25. Qd3 a5 26. Be1 Qd5 27. Rc1 Nb6 28. Rxc8+ Nxc8 29. Qc2 Nd6 30. Nb3 Nc4 31. e4 Qc6 32. Nd2 Ne5 33. Qxc6 Nxc6 34. Nc4 Ne5 35. Nxe5 Bxe5 36. b3 Kf8 37. Bd2 Bd4 38. Kf1 Ke7 39. Ke2 Kd6 40. f3 Kc5 41. Bf4 Kb5 42. Kd3 e5 43. Bg5 a4 44. Bf6 axb3 45. axb3 Bc3 46. g3 Bd4 47. g4 Bc3 48. h3 Kc5 49. Bg7 Kb5 1/2-1/2

[Event "POL-chT3 Kujawsko Pomorskie 0809"]
[Site "Poland"]
[Date "2008.12.07"]
[Round "3.28"]
[White "Sobich, Kazimierz"]
[Black "Bieganowski, Roman"]
[Result "0-1"]
[WhiteElo "1815"]
[BlackElo "1971"]
[PlyCount "68"]
[EventDate "2008.11.09"]
[EventType "team-tourn"]
[EventRounds "11"]
[EventCountry "POL"]
[SourceTitle "EXT 2019"]
[Source "ChessBase"]
[SourceDate "2018.10.10"]
[SourceVersion "1"]
[SourceVersionDate "2018.10.10"]
[SourceQuality "1"]

1. d4 Nf6 2. c4 g6 3. Nc3 d5 4. cxd5 Nxd5 5. e4 Nxc3 6. bxc3 Bg7 7. Bc4 c5 8. Ne2 Nc6 9. e5 0-0 10. h4 h5 11. Be3 Qc7 12. f4 cxd4 13. cxd4 Nxe5 14. fxe5 Qxc4 15. Qd2 Bg4 16. Nf4 Rac8 17. Rb1 b6 18. Kf2 e6 19. Rhc1 Qa6 20. Nd3 Bf5 21. Nb4 Qb7 22. Rb3 Qe4 23. g3 Rxc1 24. Qxc1 Bh3 25. Qg1 Rc8 26. Ke2 a5 27. Nd3 Rc2+ 28. Kd1 Rxa2 29. Ne1 Bg4+ 30. Kc1 Qc6+ 31. Kb1 Qa4 32. Rxb6 Bf5+ 33. Kc1 Qc4+ 34. Kd1 Bg4+ 0-1

[Event "POL-chT Region 0607"]
[Site "Poland"]
[Date "2007.02.04"]
[Round "7"]
[White "Dahm, Mikolaj"]
[Black "Sobich, Kazimierz"]
[Result "1-0"]
[WhiteElo "2036"]
[BlackElo "2000"]
[PlyCount "85"]
[EventDate "2006.11.12"]
[EventType "team"]
[EventRounds "11"]
[EventCountry "POL"]
[SourceTitle "EXT 2008"]
[Source "ChessBase"]
[SourceDate "2007.11.25"]
[SourceVersion "1"]
[SourceVersionDate "2007.11.25"]
[SourceQuality "1"]

1. d4 g6 2. c4 Bg7 3. Nc3 Nf6 4. e4 d6 5. f4 0-0 6. Nf3 c5 7. d5 Bg4 8. Bd3 Nbd7 9. 0-0 e5 10. f5 Nb6 11. h3 Bxf3 12. Qxf3 Nfd7 13. Qg3 a6 14. h4 Nf6 15. Bg5 h6 16. Be3 Nh5 17. Qf2 Nd7 18. Be2 Nhf6 19. g4 Nh7 20. g5 hxg5 21. Qg2 gxh4 22. fxg6 fxg6 23. Qxg6 Rf6 24. Qg2 Ndf8 25. Rxf6 Qxf6 26. Bh5 Qe7 27. Rf1 Nf6 28. Bg5 N8h7 29. Bxh4 Rf8 30. Bg6 Kh8 31. Qh3 Qc7 32. Bxh7 Nxh7 33. Rxf8+ Bxf8 34. Qf5 Qg7+ 35. Kf2 Qh6 36. Qg4 Qd2+ 37. Ne2 Bh6 38. Qc8+ Nf8 39. Bf6+ Kg8 40. Qg4+ Kf7 41. Qf5 Qe3+ 42. Kf1 Ke8 43. Qh5+ 1-0

[Event "POL-chT Region 0607"]
[Site "Poland"]
[Date "2007.01.28"]
[Round "6"]
[White "Sobich, Kazimierz"]
[Black "Starzynski, Waldemar"]
[Result "0-1"]
[WhiteElo "2000"]
[BlackElo "1870"]
[PlyCount "116"]
[EventDate "2006.11.12"]
[EventType "team"]
[EventRounds "11"]
[EventCountry "POL"]
[SourceTitle "EXT 2008"]
[Source "ChessBase"]
[SourceDate "2007.11.25"]
[SourceVersion "1"]
[SourceVersionDate "2007.11.25"]
[SourceQuality "1"]

1. d4 e6 2. Nf3 d5 3. h3 c5 4. Bf4 Nc6 5. e3 Nf6 6. Be2 Bd6 7. Bxd6 Qxd6 8. 0-0 0-0 9. Na3 c4 10. c3 a6 11. Nc2 b5 12. b3 Ne4 13. Qe1 f5 14. Nh2 e5 15. f3 exd4 16. exd4 Ng3 17. Rf2 f4 18. Qd2 Bf5 19. Nf1 Nxe2+ 20. Rxe2 Bd3 21. Rf2 Rae8 22. Ne1 Bf5 23. Re2 Rxe2 24. Qxe2 Qg6 25. Kh2 Re8 26. Qd2 Qd6 27. Nc2 Re3 28. Kg1 Re6 29. Re1 Qe7 30. Rxe6 Qxe6 31. Ne1 Ne7 32. Kf2 g5 33. Nh2 Ng6 34. b4 Kg7 35. Qe2 h5 36. Qxe6 Bxe6 37. Nf1 Kf6 38. Ke2 Ne7 39. Kf2 Nc6 40. Nh2 a5 41. a3 axb4 42. axb4 Bf5 43. Ke2 Ne7 44. Kd2 Nc8 45. Nf1 Nb6 46. Nc2 Na4 47. Na3 Bd7 48. Nh2 Nb2 49. Nf1 Nd3 50. Ke2 g4 51. hxg4 hxg4 52. Nh2 g3 53. Nf1 Ke6 54. Nd2 Kd6 55. Kf1 Kc6 56. Ke2 Bf5 57. Nf1 Nc1+ 58. Kd2 Na2 0-1